00924nam a22001697a 450000500170000000800410001702000180005805000160007608200200009210000360011224500540014826000530020230000230025550400330027850503920031165000510070320231102151950.0160811s2013 mx a 001 0 spa d a9786076100530 4aKGF152bH53 4a343.0999bH530d1 aHidalgo Ballina, Antonioeautor10aDerecho informáticoc / Antonio Hidalgo Ballina 3aMéxicob: Flores Editor y Distribuidorc, 2013 axix, 427 páginas aBibliografía (pp. 421-427) aIntroducción al derecho El derecho y la informática La legislación normatividad actual relativa al usuario La legislación y normatividad actual relativa a la información La legislación y normatividad actual relativa al software La legislación y normatividad actual relativa al equipo (hardware) La legislación y normatividad actual relativa a la función informáttica 14aDERECHO INFORMÁTICOxLEGISLACIÓNzMÉXICO